000
00286nam a22001217a 4500
020
_a
1-85534-595-1
082
_a
823
_b
HAM/F
100
_a
HAMILTON, JUDY
245
_a
THE FOX AND THE STORK
260
_a
SCOTLAND
_b
TARANTULA BOOKS
650
_a
ENGLISH SHORT STORY
_z
SCOTLAND
942
_c
BK
999
_c
4690
_d
4690